[Event "ICS Rated standard match"]
[Site "207.99.83.229"]
[Date "1999.06.24"]
[Round "?"]
[White "Hossa"]
[Black "robbok1"]
[Result "0-1"]
[WhiteElo "2173"]
[BlackElo "2456"]
[PlyCount "125"]

1. e4 c5 2. Nf3 Nc6 3. d4 cxd4 4. Nxd4 e5 5. Nb5 d6 6. c4 Be7 7. Be2 Be6 8. Be3
a6 9. N5c3 Bg5 10. Bxg5 Qxg5 11. O-O Nf6 12. Qd2 Qxd2 13. Nxd2 Nd4 14. Bd3 O-O
15. Ne2 Nc6 16. Rad1 Nb4 17. Bb1 b5 18. a3 Nc6 19. cxb5 axb5 20. Bd3 Rfb8 21.
Rc1 Na5 22. Ng3 Nc4 23. Bxc4 bxc4 24. Nxc4 Bxc4 25. Rxc4 Rxb2 26. Rfc1 g6 27.
Rc8+ Rxc8 28. Rxc8+ Kg7 29. f3 d5 30. exd5 Nxd5 31. Nf1 Nf4 32. Ne3 Re2 33. Rc3
Rxg2+ 34. Nxg2 Ne2+ 35. Kf2 Nxc3 36. Ke3 Kf6 37. Kd3 Nb5 38. a4 Nd4 39. Ke3 Nc6
40. Ne1 Ke6 41. Nc2 Kd5 42. Kd3 Kc5 43. Kc3 f5 44. Na1 Nd4 45. Nb3+ Nxb3 46.
Kxb3 g5 47. Kc3 h5 48. Kd3 Kb4 49. h3 Kxa4 50. Ke3 Kb3 51. Ke2 Kc2 52. Ke3 Kd1
53. Kd3 h4 54. Kc4 Ke2 55. Kb4 Kxf3 56. Kc4 g4 57. Kb5 gxh3 58. Kc5 h2 59. Kd6
e4 60. Kc6 h1=Q 61. Kd6 e3 62. Ke6 Kg4 63. Kf6 {Hossa resigns} 0-1

[Event "ICS rated standard match"]
[Site "207.99.83.229"]
[Date "1999.06.24"]
[Round "?"]
[White "fishless"]
[Black "Hossa"]
[Result "0-1"]
[WhiteElo "2089"]
[BlackElo "2168"]
[PlyCount "102"]

1. e4 c5 2. Nf3 Nc6 3. d4 cxd4 4. Nxd4 e5 5. Nf3 Nf6 6. Nc3 Bb4 7. Bd3 d5 8.
exd5 Nxd5 9. Bd2 Bxc3 10. bxc3 O-O 11. O-O Bg4 12. Be2 Nf6 13. Bg5 Qxd1 14.
Rfxd1 Ne4 15. Bd2 Rad8 16. Be1 Nf6 17. h3 Rxd1 18. Rxd1 Bh5 19. Rb1 e4 20. Nd4
Nxd4 21. Bxh5 Nxc2 22. Be2 Nxe1 23. Rxe1 Rd8 24. Rd1 Rxd1+ 25. Bxd1 Nd5 26. c4
Nc3 27. Bb3 f5 28. Kf1 f4 29. g3 fxg3 30. fxg3 Kf7 31. Kf2 Kf6 32. Ke3 Ke5 33.
g4 g5 34. a3 b6 35. a4 Nb1 36. Bc2 Na3 37. Bb3 a5 38. Ba2 Nc2+ 39. Kd2 Nb4 40.
Bb1 Kd4 41. Ke2 h6 42. Kd2 Kxc4 43. Bxe4 Kb3 44. Ke3 Kxa4 45. Kd4 Kb5 46. Bg6
Nc6+ 47. Ke4 a4 48. Bf7 a3 49. Kf5 Kc5 50. Kg6 Ne5+ 51. Kf6 51... Nxf7 {
fishless resigns} 0-1

[Event "ICS Rated blitz match"]
[Site "207.99.83.229"]
[Date "1999.06.24"]
[Round "?"]
[White "Malanga"]
[Black "Hossa"]
[Result "1/2-1/2"]
[WhiteElo "1984"]
[BlackElo "2340"]
[PlyCount "142"]

1. Nf3 d5 2. d3 Nf6 3. Nc3 Nc6 4. g3 d4 5. Ne4 Nxe4 6. dxe4 e5 7. Bg2 Bb4+ 8.
Bd2 Bxd2+ 9. Qxd2 f5 10. Qg5 Qxg5 11. Nxg5 h6 12. Nf3 fxe4 13. Nd2 O-O 14. Bxe4
Bh3 15. f3 Rab8 16. Bxc6 bxc6 17. b3 Rb5 18. a4 Rc5 19. Nc4 Be6 20. Kd2 Bxc4
21. bxc4 Rxc4 22. Rhb1 a5 23. Rb7 Rc8 24. Ra7 Rc5 25. Rb1 Kf7 26. Rbb7 Kf6 27.
Rxc7 Rxc7 28. Rxc7 Rc4 29. Kd3 Rc3+ 30. Kd2 Rc5 31. Kd3 h5 32. h4 Rc3+ 33. Kd2
Rc4 34. Kd3 Rxa4 35. Rxc6+ Kf5 36. Rc7 Ra3+ 37. Kd2 g5 38. hxg5 Kxg5 39. Re7
Kf6 40. Ra7 a4 41. Ra5 Ra1 42. Kd3 Ra2 43. Ke4 Rxc2 44. Ra6+ Ke7 45. Kxe5 Rxe2+
46. Kxd4 Rg2 47. Rxa4 Rxg3 48. Ke4 h4 49. Ra7+ Kf6 50. Rh7 Rh3 51. f4 Rh2 52.
Rh6+ Kg7 53. Rh5 Kg6 54. Rh8 h3 55. Kf3 Kf6 56. Kg3 Rh1 57. Rh6+ Kf5 58. Rh5+
Ke4 59. Re5+ Kd3 60. f5 Kd4 61. Re8 h2 62. Kg2 Rf1 63. Kxh2 Rf2+ 64. Kg3 Rxf5
65. Kg4 Rf2 66. Kg3 Rf1 67. Kg4 Kc5 68. Kg3 Rh1 69. Kg4 Rf1 70. Kg3 Rh1 71. Kg4
71... Rf1 {Game drawn by repetition} 1/2-1/2

[Event "ICS rated blitz match"]
[Site "207.99.83.229"]
[Date "1999.06.24"]
[Round "?"]
[White "Hossa"]
[Black "knightcrawler"]
[Result "1-0"]
[WhiteElo "2328"]
[BlackElo "2037"]
[PlyCount "63"]

1. e4 e5 2. Nf3 Nc6 3. Bb5 a6 4. Ba4 Nf6 5. O-O Be7 6. Re1 b5 7. Bb3 O-O 8. c3
d5 9. exd5 Nxd5 10. Nxe5 Nxe5 11. Rxe5 c6 12. d4 Bd6 13. Re1 Qh4 14. g3 Qh3 15.
Be3 Bg4 16. Qd3 f5 17. Qf1 Qh5 18. c4 Nf4 19. Bxf4 Bxf4 20. gxf4 Bh3 21. Qd3
Rf6 22. cxb5+ Kh8 23. Re3 Rg6+ 24. Rg3 Re8 25. Nd2 Rxg3+ 26. hxg3 axb5 27. Rc1
h6 28. Nf3 g5 29. Ne5 gxf4 30. Bf7 Qg5 31. Bxe8 Kg7 32. Rxc6 {
knightcrawler resigns} 1-0

[Event "ICS rated blitz match"]
[Site "207.99.83.229"]
[Date "1999.06.24"]
[Round "?"]
[White "Hossa"]
[Black "j724"]
[Result "1-0"]
[WhiteElo "2333"]
[BlackElo "2078"]
[PlyCount "35"]

1. e4 d6 2. d4 Nf6 3. Nc3 c6 4. Nf3 g6 5. Bg5 Bg7 6. Qd2 O-O 7. e5 dxe5 8. Nxe5
Nbd7 9. O-O-O Qa5 10. Re1 Nb6 11. h4 Be6 12. h5 Bxa2 13. hxg6 hxg6 14. Bh6 Bh8
15. Bxf8 Rxf8 16. Ne4 Qxd2+ 17. Nxd2 Be6 18. Nxg6 {j724 resigns} 1-0

[Event "ICS rated standard match"]
[Site "207.99.83.229"]
[Date "1999.06.24"]
[Round "?"]
[White "KCSV"]
[Black "Hossa"]
[Result "0-1"]
[WhiteElo "1832"]
[BlackElo "2180"]
[PlyCount "64"]

1. d4 d5 2. e4 dxe4 3. Nc3 Nf6 4. f3 exf3 5. Nxf3 Bg4 6. h3 Bh5 7. Be2 e6 8.
O-O Nc6 9. Bg5 Bxf3 10. Rxf3 Qxd4+ 11. Kh1 O-O-O 12. Rd3 Qe5 13. Rxd8+ Nxd8 14.
Bd2 Nc6 15. Bf3 Nd4 16. Qf1 Bd6 17. Qg1 Nxc2 18. Rc1 Nd4 19. Re1 Nxf3 20. gxf3
Qf5 21. Qg2 Be5 22. Nb5 a6 23. Na3 Bxb2 24. Nc4 Qc2 25. Nxb2 Qxb2 26. Rd1 Nd5
27. Qg1 Rg8 28. Qa7 Nb6 29. Be3 Qe2 30. Bxb6 Qxd1+ 31. Kh2 Qd6+ 32. Kg2 32...
cxb6 {KCSV resigns} 0-1

[Event "ICS rated blitz match"]
[Site "207.99.83.229"]
[Date "1999.06.24"]
[Round "?"]
[White "mishah"]
[Black "Hossa"]
[Result "0-1"]
[WhiteElo "2104"]
[BlackElo "2339"]
[PlyCount "106"]

1. d4 d5 2. c4 e6 3. Nc3 Nf6 4. Nf3 Be7 5. Bg5 O-O 6. e3 h6 7. Bh4 Nbd7 8. cxd5
Nxd5 9. Bxe7 Qxe7 10. Nxd5 exd5 11. Bd3 Nf6 12. O-O Bg4 13. Be2 Bxf3 14. Bxf3
Rae8 15. a3 Ne4 16. Bxe4 dxe4 17. b4 Qh4 18. Qa4 a6 19. Qd7 Re7 20. Qf5 c6 21.
g3 Qg5 22. Qxg5 hxg5 23. a4 g4 24. b5 axb5 25. axb5 f5 26. Ra7 Rff7 27. Rc1 Re6
28. b6 Rd6 29. Rc5 Kh7 30. Kf1 g5 31. Raa5 Rdf6 32. Ke2 Kg7 33. Re5 Kg6 34. Kf1
Rh7 35. Kg2 Rf8 36. Re6+ Kh5 37. Ra7 Rhf7 38. Ra5 Rg8 39. Rae5 Ra8 40. Re7 Raf8
41. Rxf7 Rxf7 42. Re8 Kg6 43. Rh8 Rg7 44. Kf1 Rh7 45. Rxh7 Kxh7 46. Ke2 Kh6 47.
Kd2 Kg6 48. Kc3 Kf6 49. Kc4 Ke7 50. Kc5 Ke6 51. Kc4 Kd6 52. Kb4 Kd5 53. Kc3
53... c5 {mishah resigns} 0-1

[Event "ICS rated blitz match"]
[Site "207.99.83.229"]
[Date "1999.06.24"]
[Round "?"]
[White "StrongBach"]
[Black "Hossa"]
[Result "0-1"]
[WhiteElo "1902"]
[BlackElo "2346"]
[PlyCount "132"]

1. Nf3 Nf6 2. h4 Nc6 3. d4 e6 4. Bf4 Be7 5. h5 Ne4 6. c3 O-O 7. Qd3 d5 8. Nbd2
f5 9. e3 Bd6 10. Ne5 Nxe5 11. Bxe5 Bxe5 12. dxe5 c5 13. h6 g6 14. Be2 Qg5 15.
Bf3 Nxd2 16. Qxd2 f4 17. exf4 Rxf4 18. Qe3 d4 19. cxd4 cxd4 20. Qe2 Rf5 21. Be4
Rxe5 22. Rd1 Rc5 23. Qd3 e5 24. Qb3+ Kf8 25. Qf3+ Ke8 26. Qb3 Kf8 27. Qf3+ Qf4
28. Qxf4+ exf4 29. Rxd4 Rc1+ 30. Rd1 Rxd1+ 31. Kxd1 Be6 32. a4 Bb3+ 33. Kc1
Rc8+ 34. Kb1 Rc4 35. f3 Rxa4 36. Bxb7 Ba2+ 37. Kc2 Rc4+ 38. Kd1 Rb4 39. Be4
Rxb2 40. Rg1 Bb3+ 41. Kc1 Rf2 42. Kb1 Bc4 43. g3 fxg3 44. Rxg3 Rh2 45. Bxg6
hxg6 46. h7 Kg7 47. f4 Kxh7 48. Ra3 a6 49. Rc3 Bf1 50. Rc7+ Kh6 51. Rd7 Rf2 52.
Rd4 Kg7 53. Kc1 Kf6 54. Kd1 Kf5 55. Ke1 Rxf4 56. Rxf4+ Kxf4 57. Kxf1 g5 58. Kf2
g4 59. Kf1 Kf3 60. Kg1 g3 61. Kh1 a5 62. Kg1 g2 63. Kh2 Kf2 64. Kh3 g1=Q 65.
Kh4 Qg6 66. Kh3 66... Qh5# {StrongBach checkmated} 0-1

[Event "ICS rated bullet match"]
[Site "207.99.83.229"]
[Date "1999.06.24"]
[Round "?"]
[White "Hossa"]
[Black "Amateur"]
[Result "1-0"]
[WhiteElo "2472"]
[BlackElo "2409"]
[PlyCount "175"]

1. e4 c5 2. Nf3 d6 3. Bb5+ Bd7 4. Bxd7+ Qxd7 5. O-O g6 6. d4 cxd4 7. Qxd4 Nf6
8. Bg5 Nc6 9. Qc4 Bg7 10. Nc3 O-O 11. Nd5 Rfc8 12. Bxf6 exf6 13. c3 Re8 14.
Rae1 Ne5 15. Qe2 Rac8 16. Nd4 Nc6 17. Nb3 Re5 18. f4 Rh5 19. Ne3 Ne7 20. Qd3
Rh4 21. Rf2 Qe6 22. Rd1 a6 23. c4 Nc6 24. Nd5 a5 25. a4 Kh8 26. Rdf1 Qe8 27.
Qg3 Rh5 28. Qf3 f5 29. exf5 Nd4 30. Qd3 Nxb3 31. f6 Bf8 32. Qxb3 Qc6 33. Qf3
Re8 34. b3 b6 35. Rb1 Re6 36. Rd1 Re8 37. Rdf1 Qc5 38. Kh1 Re6 39. Rd1 Re8 40.
Rg1 Qc6 41. Rc1 Bh6 42. Rcf1 Rh4 43. Kg1 Qc5 44. Qg3 Rh5 45. Ne7 Qc7 46. Re1
Qd7 47. Rfe2 Rf8 48. Nd5 Qc6 49. Rd1 Qc5+ 50. Kh1 Rf5 51. Re7 Qc6 52. Qd3 Bxf4
53. Rf1 Bh6 54. Rxf5 gxf5 55. Qh3 Bg5 56. Qxf5 h6 57. Qg4 Qc8 58. Qxc8 Rxc8 59.
Rxf7 Re8 60. Ne7 Bxf6 61. Rxf6 Rxe7 62. g4 Re1+ 63. Kg2 Re2+ 64. Kg1 Re4 65.
Rxh6+ Kg7 66. Rxd6 Rxg4+ 67. Kf2 Rg6 68. Rxg6+ Kxg6 69. Ke3 Kf5 70. Kd4 Ke6 71.
h4 Kd6 72. c5+ bxc5+ 73. Kc4 Ke6 74. Kxc5 Kf5 75. b4 axb4 76. Kxb4 Kg4 77. Kc4
Kxh4 78. Kd4 Kg3 79. a5 Kf4 80. a6 Kf5 81. a7 Kf4 82. a8=Q Kf5 83. Qd8 Ke6 84.
Ke4 Kf7 85. Kf5 Kg7 86. Qe8 Kh7 87. Kf6 Kh6 88. Qh8# {Amateur checkmated} 1-0

[Event "ICS Rated standard match"]
[Site "207.99.83.229"]
[Date "1999.06.24"]
[Round "?"]
[White "Hossa"]
[Black "fishless"]
[Result "1-0"]
[WhiteElo "2195"]
[BlackElo "2055"]
[PlyCount "23"]

1. e4 e5 2. f4 exf4 3. Nf3 g5 4. h4 g4 5. Ng5 h6 6. Nxf7 Kxf7 7. Bc4+ Ke8 8.
Qxg4 d5 9. Qh5+ Kd7 10. Qxd5+ Ke7 11. Qe5+ Kd7 12. Qe6# {fishless checkmated}
1-0

[Event "ICS Rated bullet match"]
[Site "207.99.83.229"]
[Date "1999.06.24"]
[Round "?"]
[White "Amateur"]
[Black "Hossa"]
[Result "1/2-1/2"]
[WhiteElo "2396"]
[BlackElo "2485"]
[PlyCount "200"]

1. g3 c5 2. Bg2 d5 3. Nf3 Nf6 4. Nc3 d4 5. Na4 Qa5 6. b3 Nc6 7. c3 Bd7 8. O-O
e5 9. cxd4 cxd4 10. d3 Be7 11. Qd2 Qxd2 12. Bxd2 O-O 13. Rac1 Ba3 14. Rc2 b6
15. Bg5 Be7 16. Rfc1 Rac8 17. Nb2 b5 18. a4 a6 19. Bh4 Bb4 20. Bxf6 gxf6 21.
axb5 axb5 22. Nh4 Bc3 23. Rb1 Nb4 24. Rcc1 Bxb2 25. Rxc8 Rxc8 26. Rxb2 Be6 27.
f4 Rc3 28. Nf3 Rxb3 29. Rxb3 Bxb3 30. fxe5 fxe5 31. Nxe5 Nc2 32. Kf2 b4 33. g4
Be6 34. Nc4 b3 35. Nb2 Bxg4 36. Bc6 Ne3 37. Ba4 Be6 38. Kf3 Bd5+ 39. Kf4 f6 40.
Be8 Kf8 41. Bd7 h5 42. Bb5 Ke7 43. Kg3 Kd6 44. Be8 Nf1+ 45. Kh3 Be6+ 46. Kg2
Ne3+ 47. Kf3 h4 48. Ke4 Kc5 49. Kf4 Kb4 50. Ke4 Nc2 51. Na4 Bg4 52. Nb2 Bxe2
53. Bf7 Bg4 54. Bd5 Bh5 55. Be6 Bg6+ 56. Kd5 Kc3 57. Na4+ Kxd3 58. Kd6 Na1 59.
Kc5 Kc2 60. Kxd4 b2 61. Nxb2 Kxb2 62. Kd5 Nc2 63. Bh3 Bd3 64. Ke6 f5 65. Ke5
Ne1 66. Bxf5 Nf3+ 67. Kf4 Bxf5 68. Kxf5 h3 69. Kf4 Nd2 70. Kg4 Ne4 71. Kxh3 Kc3
72. Kg4 Kd4 73. Kf4 Kd5 74. Kf5 Kd4 75. h4 Kd5 76. Kg6 Ke5 77. h5 Kf4 78. h6
Ng5 79. Kf6 Ne4+ 80. Kg7 Ng5 81. Kg6 Ne6 82. Kf6 Ng5 83. Kg7 Ne6+ 84. Kf7 Ng5+
85. Kg8 Ne4 86. Kf8 Nf6 87. Kf7 Ne4 88. Ke7 Ng5 89. Kf8 Ne6+ 90. Ke7 Kf5 91. h7
Nf4 92. Kf8 Kg5 93. Ke7 Ng6+ 94. Kf7 Ne5+ 95. Kf8 Ng6+ 96. Kg7 Kf5 97. Kf7 Ne5+
98. Kg8 Ng6 99. Kg7 Kg5 100. h8=Q 100... Nxh8 {
Game drawn because neither player has mating material} 1/2-1/2

[Event "ICS Rated standard match"]
[Site "207.99.83.229"]
[Date "1999.06.24"]
[Round "?"]
[White "zatoichi"]
[Black "Hossa"]
[Result "0-1"]
[WhiteElo "2061"]
[BlackElo "2205"]
[PlyCount "45"]

1. d4 a6 2. g3 e6 3. Bg2 d5 4. Nf3 Bd6 5. O-O Nf6 6. b3 O-O 7. Bb2 Nbd7 8. c4
dxc4 9. bxc4 c5 10. d5 Nb6 11. Nfd2 exd5 12. cxd5 Nbxd5 13. Nc4 Be7 14. Nc3
Nxc3 15. Bxc3 Ra7 16. Ba5 Qxd1 17. Rfxd1 Re8 18. Bb6 Ra8 19. Na5 Nd7 20. Bc7
Bf6 21. Rac1 Rxe2 22. Nxb7 Ra7 23. Rxd7 {zatoichi resigns} 0-1

[Event "ICS rated bullet match"]
[Site "207.99.83.229"]
[Date "1999.06.24"]
[Round "?"]
[White "Hossa"]
[Black "Amateur"]
[Result "0-1"]
[WhiteElo "2481"]
[BlackElo "2400"]
[PlyCount "46"]

1. e4 e5 2. f4 exf4 3. Nf3 Nf6 4. e5 Nh5 5. g4 fxg3 6. d4 Be7 7. Bd3 Bh4 8.
hxg3 Bxg3+ 9. Kd2 g6 10. Kc3 Bf4 11. Rxh5 Bxc1 12. Rh4 Bg5 13. Nxg5 Qxg5 14.
Rh1 c5 15. Nd2 cxd4+ 16. Kb3 Nc6 17. Nf3 Qe7 18. Qd2 a5 19. Ka4 Qc5 20. Raf1
Nb4 21. Ng5 Nxd3 22. c4 Qxc4+ 23. b4 23... axb4# {Hossa checkmated} 0-1

[Event "ICS Rated blitz match"]
[Site "207.99.83.229"]
[Date "1999.06.24"]
[Round "?"]
[White "Hossa"]
[Black "StrongBach"]
[Result "1-0"]
[WhiteElo "2348"]
[BlackElo "1887"]
[PlyCount "41"]

1. e4 e6 2. d4 Nc6 3. Nf3 Rb8 4. Bd3 Nb4 5. Nc3 Nxd3+ 6. Qxd3 Bb4 7. O-O Ne7 8.
Bf4 Ra8 9. Nb5 d6 10. Qc4 Ba5 11. Qa4 Nc6 12. d5 exd5 13. exd5 a6 14. dxc6 b6
15. Nxd6+ cxd6 16. c7+ Qd7 17. Rae1+ Bxe1 18. Rxe1+ Kf8 19. Bxd6+ Kg8 20. Re8+
Qxe8 21. Qxe8# {StrongBach checkmated} 1-0

[Event "ICS rated blitz match"]
[Site "207.99.83.229"]
[Date "1999.06.24"]
[Round "?"]
[White "Shiroff"]
[Black "Hossa"]
[Result "1-0"]
[WhiteElo "2086"]
[BlackElo "2373"]
[PlyCount "38"]

1. d4 a6 2. c4 Nf6 3. Nc3 Nc6 4. Nf3 d5 5. cxd5 Nxd5 6. e4 Nxc3 7. bxc3 e6 8.
Bd3 Be7 9. e5 Qd7 10. h4 Qd8 11. Be3 O-O 12. Bxh7+ Kxh7 13. Ng5+ Kg6 14. h5+
Kh6 15. Nxf7+ Kh7 16. Qc2+ Kg8 17. Nxd8 Nxd8 18. h6 Rf7 19. Qg6 19... Bd7 {
Hossa resigns} 1-0

[Event "ICS rated blitz match"]
[Site "207.99.83.229"]
[Date "1999.06.24"]
[Round "?"]
[White "Hossa"]
[Black "miitrei"]
[Result "1-0"]
[WhiteElo "2346"]
[BlackElo "2245"]
[PlyCount "97"]

1. e4 d6 2. d4 g6 3. Nc3 Bg7 4. Nf3 c6 5. Bg5 Nd7 6. Qd2 Ngf6 7. Bh6 O-O 8.
Bxg7 Kxg7 9. O-O-O Qc7 10. Qg5 h6 11. Qh4 b5 12. Bd3 b4 13. Ne2 e5 14. dxe5
dxe5 15. c3 a5 16. Rhf1 Nc5 17. Bb1 Be6 18. Qg3 Ncd7 19. Rd2 bxc3 20. Nxc3 Rab8
21. Nd4 Rb4 22. Nxe6+ fxe6 23. h4 Nh5 24. Rfd1 Ndf6 25. Qe3 Rb7 26. f3 Rfb8 27.
g4 Nf4 28. g5 hxg5 29. hxg5 Ne8 30. Rh1 Qe7 31. Qg1 Kf7 32. Rh6 Ng7 33. Rh7
Nfh5 34. Na4 Kg8 35. Rh6 c5 36. Rh2 c4 37. Qe3 Kf7 38. Rd2 Rd7 39. Rxd7 Qxd7
40. Bc2 Qd4 41. Qe1 Nf4 42. Rh7 Nd3+ 43. Bxd3 cxd3 44. Qxa5 Rc8+ 45. Nc3 d2+
46. Kd1 Qe3 47. Kc2 Qxg5 48. Qa7+ Kf6 49. Qxg7# {miitrei checkmated} 1-0

[Event "ICS rated blitz match"]
[Site "207.99.83.229"]
[Date "1999.06.24"]
[Round "?"]
[White "swashbuckler"]
[Black "Hossa"]
[Result "1-0"]
[WhiteElo "2361"]
[BlackElo "2357"]
[PlyCount "82"]

1. d4 d5 2. e4 dxe4 3. Nc3 Nf6 4. f3 exf3 5. Nxf3 Bg4 6. h3 Bh5 7. g4 Bg6 8.
Ne5 Nbd7 9. Qf3 Nxe5 10. dxe5 Nd7 11. Qxb7 Rb8 12. Qxa7 Nxe5 13. Bf4 Ra8 14.
Qb7 Qc8 15. Qxc8+ Rxc8 16. Bxe5 f6 17. Bg3 e5 18. O-O-O Bc5 19. Bc4 Bf7 20.
Bxf7+ Kxf7 21. Ne4 Be3+ 22. Kb1 h5 23. c3 hxg4 24. hxg4 Rxh1 25. Rxh1 Ra8 26.
a3 Ra4 27. Nf2 Bxf2 28. Bxf2 Rxg4 29. b4 Rc4 30. Kc2 Ke6 31. a4 g5 32. a5 Rc6
33. b5 Rd6 34. a6 Rd8 35. Rh7 Rc8 36. a7 Re8 37. Rxc7 g4 38. b6 g3 39. Bxg3 Ra8
40. Bf2 f5 41. b7 41... Re8 {Hossa resigns} 1-0

[Event "ICS Rated blitz match"]
[Site "207.99.83.229"]
[Date "1999.06.24"]
[Round "?"]
[White "jacdion"]
[Black "Hossa"]
[Result "1-0"]
[WhiteElo "2759"]
[BlackElo "2341"]
[PlyCount "76"]

1. e4 c5 2. Nf3 Nc6 3. d4 cxd4 4. Nxd4 e5 5. Nb5 d6 6. c4 Be7 7. N1c3 a6 8. Na3
Nf6 9. Be2 Nd4 10. Bd3 O-O 11. O-O Bg4 12. f3 Qb6 13. Na4 Qa7 14. fxg4 Nc2+ 15.
Kh1 Nxa1 16. Bg5 d5 17. c5 dxe4 18. Bxf6 Bxf6 19. Bxe4 Rad8 20. Qe2 Rd4 21. Nc4
h5 22. gxh5 Be7 23. Rxa1 f5 24. Bc2 e4 25. b4 a5 26. Bb3 Kh7 27. Qf2 Rdd8 28.
Ne5 Rf6 29. Nb6 a4 30. Bc4 f4 31. Nbd7 Rf5 32. Qc2 Rxe5 33. Nxe5 Rd4 34. Re1 f3
35. Rxe4 fxg2+ 36. Kxg2 Rxc4 37. Rxc4+ Kh8 38. h6 38... Bg5 {Hossa resigns} 1-0

[Event "ICS Rated standard match"]
[Site "207.99.83.229"]
[Date "1999.06.24"]
[Round "?"]
[White "Hossa"]
[Black "astaire"]
[Result "1-0"]
[WhiteElo "2215"]
[BlackElo "1946"]
[PlyCount "71"]

1. e4 e6 2. d4 d5 3. Nc3 Nf6 4. e5 Nfd7 5. Nh3 c5 6. Bb5 a6 7. Bxd7+ Bxd7 8.
O-O cxd4 9. Qxd4 Nc6 10. Qf4 Be7 11. Qg3 Kf8 12. Bg5 h6 13. Bxe7+ Qxe7 14. Nf4
Nd4 15. Qd3 Nf5 16. Nfe2 Qc5 17. Ng3 Nxg3 18. hxg3 Qc7 19. Qd4 b5 20. a4 Qc4
21. Rfd1 Qxd4 22. Rxd4 Ke7 23. axb5 Bxb5 24. f3 Rhc8 25. Kf2 Rc5 26. g4 Rb8 27.
Ra5 Rc4 28. Rxc4 Bxc4 29. b3 Bb5 30. Ke3 Rb6 31. Nxb5 axb5 32. Ra7+ Ke8 33.
Ra8+ Kd7 34. Rg8 g6 35. Rh8 Rc6 36. Kd3 {astaire resigns} 1-0

[Event "ICS rated standard match"]
[Site "207.99.83.229"]
[Date "1999.06.24"]
[Round "?"]
[White "Hossa"]
[Black "trasco"]
[Result "1-0"]
[WhiteElo "2221"]
[BlackElo "1825"]
[PlyCount "60"]

1. e4 e5 2. Nf3 Nc6 3. Bb5 Nd4 4. Nxd4 exd4 5. O-O g6 6. d3 a5 7. c3 c6 8. Bc4
b5 9. Bb3 a4 10. Bc2 Bg7 11. c4 Qh4 12. cxb5 cxb5 13. Na3 b4 14. Nb5 Be5 15. f4
Bb8 16. Nxd4 Ba7 17. Be3 Nf6 18. Bf2 Qxf4 19. Bxa4 Ng4 20. Bg3 Bxd4+ 21. Kh1
Qe3 22. Qxg4 Rxa4 23. Qd1 b3 24. Bf4 Qf2 25. Rxf2 Bxf2 26. Qxb3 Rd4 27. Rf1 Bh4
28. Qc3 Bf6 29. Qxc8+ Bd8 30. Be5 30... O-O {trasco resigns} 1-0

[Event "ICS rated blitz match"]
[Site "207.99.83.229"]
[Date "1999.06.24"]
[Round "?"]
[White "Hossa"]
[Black "marlborough"]
[Result "1-0"]
[WhiteElo "2338"]
[BlackElo "1985"]
[PlyCount "84"]

1. e4 c5 2. Nf3 d6 3. Bb5+ Bd7 4. Bxd7+ Nxd7 5. O-O Ngf6 6. Qe2 g6 7. Qb5 Qb6
8. Nc3 Bg7 9. Qxb6 Nxb6 10. d3 O-O 11. Bg5 Rfe8 12. Nb5 Rec8 13. Rae1 h6 14.
Bxf6 Bxf6 15. e5 dxe5 16. Nxe5 Bxe5 17. Rxe5 e6 18. f4 a6 19. Nd6 Rc7 20. Re3
Rd8 21. Ne4 Nd5 22. Rg3 Kh7 23. c3 Rf8 24. a4 f5 25. Nd2 Re8 26. Nc4 b5 27.
axb5 axb5 28. Ne5 Rg7 29. c4 Nc7 30. h4 b4 31. Ra1 Rd8 32. Ra5 Rd4 33. Rxc5
Rxf4 34. Nxg6 Rg4 35. Rxg4 fxg4 36. Ne5 g3 37. Rc6 h5 38. Rb6 Ne8 39. Rxb4 Ra7
40. Kf1 Nf6 41. Rb6 Ra1+ 42. Ke2 42... Rc1 {marlborough resigns} 1-0

[Event "ICS rated blitz match"]
[Site "207.99.83.229"]
[Date "1999.06.24"]
[Round "?"]
[White "chessbeetle"]
[Black "Hossa"]
[Result "1-0"]
[WhiteElo "2200"]
[BlackElo "2342"]
[PlyCount "48"]

1. e4 c5 2. Nf3 Nc6 3. c3 d5 4. exd5 Qxd5 5. d4 Bg4 6. Be2 O-O-O 7. O-O cxd4 8.
cxd4 Nxd4 9. Nxd4 Bxe2 10. Qxe2 Qxd4 11. Be3 Qa4 12. Nc3 Qa5 13. Rac1 Kb8 14.
Nb5 a6 15. Bf4+ Ka8 16. Nc7+ Ka7 17. Qe3+ b6 18. Qf3 Qa4 19. Ne6 Qd7 20. Nxd8
e5 21. Nc6+ Qxc6 22. Qxc6 Bc5 23. Rxc5 bxc5 24. Qxc5+ 24... Kb7 {Hossa resigns}
1-0

[Event "ICS Rated blitz match"]
[Site "207.99.83.229"]
[Date "1999.06.24"]
[Round "?"]
[White "chessbeetle"]
[Black "Hossa"]
[Result "0-1"]
[WhiteElo "2256"]
[BlackElo "2341"]
[PlyCount "100"]

1. e4 c5 2. Nf3 e6 3. c3 d5 4. e5 Nc6 5. d4 cxd4 6. cxd4 Bb4+ 7. Nc3 Nge7 8.
Bd3 Bxc3+ 9. bxc3 Nf5 10. Bxf5 exf5 11. O-O O-O 12. c4 dxc4 13. d5 Nb4 14. d6
Nd3 15. Bd2 b5 16. a3 Re8 17. Bc3 Bb7 18. Rb1 Qd7 19. Qe2 f6 20. Rfd1 fxe5 21.
Nxe5 Nxe5 22. Bxe5 Be4 23. Qb2 Bxb1 24. Rxb1 Qe6 25. f4 a6 26. Rd1 Rad8 27. a4
Qd7 28. axb5 axb5 29. Rd5 Rb8 30. Rc5 Rec8 31. Rc7 Rxc7 32. dxc7 Rc8 33. h3 Qc6
34. Qb4 Qb6+ 35. Kh2 Rxc7 36. Bxc7 Qxc7 37. Qxb5 Qxf4+ 38. Kh1 h6 39. Qb2 Kf7
40. Qb7+ Kg6 41. Qb6+ Kh7 42. Qb1 Qe5 43. Qc2 c3 44. Kg1 Qe3+ 45. Kf1 Kg6 46.
Qa4 Qc1+ 47. Kf2 Qd2+ 48. Kf1 c2 49. Qe8+ Kh7 50. Qh8+ 50... Kxh8 {
chessbeetle resigns} 0-1

[Event "ICS rated blitz match"]
[Site "207.99.83.229"]
[Date "1999.06.24"]
[Round "?"]
[White "Hossa"]
[Black "champion-10"]
[Result "1-0"]
[WhiteElo "2343"]
[BlackElo "1971"]
[PlyCount "38"]

1. e4 c6 2. d4 d5 3. exd5 cxd5 4. Nf3 Bg4 5. Bb5+ Nc6 6. Bxc6+ bxc6 7. Qd3 Bxf3
8. Qxf3 Nf6 9. O-O e6 10. c4 Be7 11. cxd5 cxd5 12. Qg3 Nh5 13. Qg4 Nf6 14. Qxg7
Rg8 15. Qh6 Ne4 16. Qxh7 Rg6 17. Nd2 Ng5 18. Qh8+ Bf8 19. f4 19... Nh3+ {
champion-10 resigns} 1-0

[Event "ICS Rated blitz match"]
[Site "207.99.83.229"]
[Date "1999.06.24"]
[Round "?"]
[White "Hossa"]
[Black "Data"]
[Result "0-1"]
[WhiteElo "2346"]
[BlackElo "2786"]
[PlyCount "60"]

1. e4 c5 2. Nf3 Nc6 3. c3 d5 4. exd5 Qxd5 5. d4 Bg4 6. Be2 cxd4 7. cxd4 e6 8.
O-O Nf6 9. Nc3 Qa5 10. h3 Bh5 11. g4 Bg6 12. Be3 Bb4 13. g5 Nd5 14. Nxd5 Qxd5
15. a3 Be7 16. b4 O-O 17. b5 Na5 18. Ne5 Bf5 19. Kh2 Bd6 20. Qa4 Nb3 21. Bc4
Bxe5+ 22. f4 Qe4 23. Qxb3 Bxd4 24. Bxd4 Qxd4 25. Rad1 Qb6 26. Bd3 Qe3 27. Bc4
Qc5 28. Rd7 Rad8 29. Rxd8 Rxd8 30. Kg3 30... Rd2 {Hossa resigns} 0-1

[Event "ICS Rated blitz match"]
[Site "207.99.83.229"]
[Date "1999.06.24"]
[Round "?"]
[White "Talmoves"]
[Black "Hossa"]
[Result "0-1"]
[WhiteElo "2477"]
[BlackElo "2344"]
[PlyCount "84"]

1. c4 g6 2. d4 Bg7 3. Nc3 c5 4. d5 Nf6 5. e4 Qa5 6. Bd2 d6 7. Nb5 Qd8 8. f3
Nbd7 9. g4 O-O 10. g5 Ne8 11. Rb1 f5 12. exf5 a6 13. fxg6 axb5 14. gxh7+ Kxh7
15. h4 Ne5 16. h5 Nxc4 17. h6 Bd4 18. Bxc4 bxc4 19. Ne2 Rxa2 20. Qc1 Bf5 21.
Nc3 Qa8 22. Nd1 Kg8 23. Bc3 Bd3 24. g6 Rxf3 25. g7 Nf6 26. Bd2 b5 27. Nc3 Bxb1
28. Nxa2 Qxa2 29. Qd1 Be4 30. h7+ Nxh7 31. Rf1 Rxf1+ 32. Kxf1 Qxb2 33. Ke1 c3
34. Qc1 Bf3 35. Kf1 Bxd5 36. Ke2 Bc4+ 37. Kf3 Qxd2 38. Qxd2 cxd2 39. Kg4 d1=Q+
40. Kf4 Be5+ 41. Kf5 Kxg7 42. Ke4 42... Qd3# {Talmoves resigns} 0-1

[Event "ICS Rated blitz match"]
[Site "207.99.83.229"]
[Date "1999.06.24"]
[Round "?"]
[White "Hossa"]
[Black "Data"]
[Result "0-1"]
[WhiteElo "2366"]
[BlackElo "2788"]
[PlyCount "62"]

1. e4 c5 2. Nf3 Nc6 3. d4 cxd4 4. Nxd4 g6 5. Nc3 Bg7 6. Be3 Nf6 7. f3 O-O 8.
Qd2 d5 9. Nxc6 bxc6 10. O-O-O Qa5 11. Bh6 d4 12. Bxg7 dxc3 13. Qh6 cxb2+ 14.
Kxb2 Rb8+ 15. Kc1 Re8 16. Bd3 Nh5 17. Bb2 Qxa2 18. Be5 Rb7 19. Kd2 Qa5+ 20. Bc3
Qa3 21. g4 Nf6 22. g5 Nh5 23. Ba1 Rd8 24. Bc3 Qc5 25. Rhf1 Bh3 26. Rfe1 Bg2 27.
Re3 e5 28. Ra1 Rb5 29. Ra6 Nf4 30. Ra1 Nxd3 31. cxd3 31... Rb3 {Hossa resigns}
0-1